| 000 | 00692nam a22001817a 4500 | ||
|---|---|---|---|
| 008 | 090405t xxu||||| |||| 00| 0 eng d | ||
| 020 | _a 9780273713609 (pbk.) | ||
| 082 |
_222 _a612.002461073 _bGAR NR |
||
| 245 |
_aGet ready for A&P for nursing and healthcare / _cLori K. Garrett ; UK adaptation: Alisa Clarke and Pearl Shihab. |
||
| 260 |
_aHarlow : _bPearson Education, _c2008 |
||
| 300 |
_axvi, 262 p. : _b ill. ; _c24 cm. |
||
| 500 | _aIncludes index. | ||
| 650 |
_93138 _aHuman anatomy _v-- Study guides. _x-- Examinations |
||
| 650 |
_93139 _aHuman physiology _v--Study guides _x--Examinations |
||
| 700 |
_93140 _aClarke, Ailsa. |
||
| 700 |
_93141 _a Shihab, Pearl. |
||
| 942 |
_2ddc _cBB |
||
| 999 |
_c11184 _d11184 |
||